[Event "World School-ch U17 Girls"]
[Site "Antalya"]
[Date "2019.04.18"]
[Round "1"]
[White "Bahar, Fatma Sude"]
[Black "Akti, Ezgi"]
[Result "0-1"]
[WhiteElo "1297"]
[BlackElo "1752"]
[PlyCount "47"]
[EventDate "2019.04.18"]
[EventType "swiss"]
[EventRounds "9"]
[EventCountry "TUR"]
[SourceTitle "CBM 190 Extra"]
[Source "ChessBase"]
[SourceDate "2019.07.15"]
[SourceVersion "1"]
[SourceVersionDate "2019.07.15"]
[SourceQuality "1"]

1. Nf3 d5 2. g3 Nf6 3. Bg2 e6 4. e3 Be7 5. 0-0 0-0 6. d4 b6 7. b3 Bb7 8. Bb2 Nbd7 9. Nbd2 c5 10. c4 Rc8 11. Ne5 Qc7 12. Nxd7 Qxd7 13. Re1 dxc4 14. Nxc4 Bxg2 15. Kxg2 Qb7+ 16. f3 Rfd8 17. Qe2 b5 18. Ne5 cxd4 19. Bxd4 Bc5 20. Red1 Bxd4 21. Rxd4 Rxd4 22. exd4 Nd5 23. Qd2 Rc2 24. Qxc2 0-1

[Event "Wch U16 Girls"]
[Site "Porto Carras"]
[Date "2018.10.27"]
[Round "8"]
[White "Esadze, Tamari"]
[Black "Akti, Ezgi"]
[Result "1-0"]
[WhiteElo "1911"]
[BlackElo "1643"]
[PlyCount "63"]
[EventDate "2018.10.20"]
[EventType "swiss"]
[EventRounds "11"]
[EventCountry "GRE"]
[SourceTitle "CBM 187 Extra"]
[Source "ChessBase"]
[SourceDate "2018.11.04"]
[SourceVersion "1"]
[SourceVersionDate "2018.11.04"]
[SourceQuality "1"]

1. e4 e5 2. Nf3 Nc6 3. Bb5 a6 4. Ba4 Nf6 5. 0-0 Be7 6. Re1 b5 7. Bb3 0-0 8. c3 d6 9. h3 Nb8 10. d4 Nbd7 11. Nbd2 Bb7 12. Bc2 Re8 13. Nf1 Bf8 14. Ng3 g6 15. a4 c6 16. Be3 Bg7 17. axb5 axb5 18. Qd2 d5 19. dxe5 Nxe5 20. Nxe5 Rxe5 21. f4 Re8 22. e5 Nd7 23. b4 f6 24. exf6 Bxf6 25. Rxa8 Qxa8 26. Ne4 dxe4 27. Qxd7 Re7 28. Qd6 Qf8 29. Bc5 Qf7 30. Bb3 Qxb3 31. Qxf6 Re8 32. Bd4 1-0

[Event "TUR-chT 1st League"]
[Site "Konya"]
[Date "2018.07.17"]
[Round "2.6"]
[White "Akti, Ezgi"]
[Black "Goksu, Beyza"]
[Result "1-0"]
[WhiteElo "1641"]
[BlackElo "1055"]
[PlyCount "81"]
[EventDate "2018.07.16"]
[EventType "team-swiss"]
[EventRounds "9"]
[EventCountry "TUR"]
[SourceTitle "EXT 2019"]
[Source "ChessBase"]
[SourceDate "2018.10.10"]
[SourceVersion "1"]
[SourceVersionDate "2018.10.10"]
[SourceQuality "1"]
[WhiteTeam "Salihli Sardes"]
[BlackTeam "Ego Spor"]
[WhiteTeamCountry "TUR"]
[BlackTeamCountry "TUR"]

1. e4 c5 2. Nf3 Nc6 3. c3 e6 4. d4 d5 5. exd5 exd5 6. Be2 Nf6 7. Bg5 c4 8. 0-0 Be7 9. b3 Be6 10. bxc4 dxc4 11. Nfd2 b5 12. Bf3 Bd5 13. Bxf6 Bxf6 14. Re1+ Ne7 15. Ne4 Bxe4 16. Bxe4 Rc8 17. Nd2 0-0 18. Qh5 g6 19. Qxb5 Qc7 20. Rac1 Rfd8 21. Nf3 Rb8 22. Qa4 Nd5 23. Bxd5 Rxd5 24. Re8+ Kg7 25. Rxb8 Qxb8 26. Qxc4 Qb2 27. Re1 Rd7 28. Qb3 Rb7 29. Qxb2 Rxb2 30. c4 Rxa2 31. Rc1 Ra4 32. Kf1 Kf8 33. Ke2 Ke7 34. Ke3 Ke6 35. Ke4 Rb4 36. c5 Kd7 37. Ra1 Rb7 38. Ra6 Ke7 39. Ne5 Rb2 40. Rxa7+ Ke6 41. d5# 1-0

[Event "TUR-chT2"]
[Site "Konya"]
[Date "2014.06.23"]
[Round "1.3"]
[White "Akti, Ezgi"]
[Black "Gundogan, Sinem Cagla"]
[Result "1-0"]
[WhiteElo "1483"]
[BlackElo "1770"]
[PlyCount "115"]
[EventDate "2014.06.23"]
[EventType "team-swiss"]
[EventRounds "9"]
[EventCountry "TUR"]
[SourceTitle "CBM 161 Extra"]
[Source "ChessBase"]
[SourceDate "2014.08.29"]
[SourceVersion "1"]
[SourceVersionDate "2014.08.29"]
[SourceQuality "1"]
[WhiteTeam "Salihli Sardes"]
[BlackTeam "Kocaeli"]
[WhiteTeamCountry "TUR"]
[BlackTeamCountry "TUR"]

1. e4 e5 2. Nc3 Nc6 3. Bc4 Bc5 4. d3 Nf6 5. f4 d6 6. f5 Na5 7. Bb3 Nxb3 8. axb3 d5 9. Bg5 Bb4 10. d4 Qd6 11. Bd2 exd4 12. Nb5 Bxd2+ 13. Qxd2 Qe5 14. 0-0-0 dxe4 15. Qxd4 Qxd4 16. Rxd4 0-0 17. Nxc7 Rb8 18. Nd5 Nxd5 19. Rxd5 Re8 20. Ne2 b6 21. Rhd1 Bb7 22. R5d4 e3 23. Nf4 Be4 24. f6 Rbc8 25. c3 gxf6 26. Nh5 f5 27. Nf6+ Kg7 28. Nxe8+ Rxe8 29. g3 Re5 30. Re1 Ra5 31. Ra4 Rb5 32. Rxe3 a5 33. g4 Rxb3 34. gxf5 Bxf5 35. Rg3+ Bg6 36. h4 Rb5 37. Rd4 Kh6 38. Rd6 Rb3 39. Rg4 Kh5 40. Rf4 Rb5 41. Rd2 Rc5 42. c4 Kh6 43. Rd5 f5 44. b3 Rc6 45. Kb2 Re6 46. Ka3 Re1 47. Rd6 Kh5 48. Rxb6 Ra1+ 49. Kb2 Re1 50. Rb5 a4 51. bxa4 Re3 52. a5 Be8 53. Rbxf5+ Kg6 54. Rg5+ Kh6 55. a6 Re6 56. Ra5 Rb6+ 57. Kc3 Kg7 58. a7 1-0